00771cam a22002291 4500001001300000003000400013005001700017008004100034010001700075035002000092040002600112042001200138050002000150060002300170100002700193245005300220250001100273260005800284300003100342500004400373500012400417sg 45000274 DLC20260227112746.0810920s1945 xx af 000 0 eng  asg 45000274  a(OCoLC)14752079 aDLCcDNLMdOCoLCdDLC apremarc00aRL71b.T55 19450 aWR 140bT629e 19451 aTobias, Norman,d1898-10aEssentials of dermatology,cby Norman Tobias ... a2d ed. aPhiladelphia [etc.]bJ.B. Lippincott companyc[c1945] axiv, 497 p.bill., plates. a"Second impression, with new material." a"The use of the sulfonamide drugs in dermatology" on front lining-paper. "Table of normal values" on end lining-paper.